| 000 | 00763nam a2200241 a 4500 | ||
|---|---|---|---|
| 001 | 55646 | ||
| 003 | BD-RjUL | ||
| 005 | 20211209080309.0 | ||
| 008 | 161120s1981 bg b 001 0 eng | ||
| 020 | _cTk110.00 ($12.00 U.S.) | ||
| 035 | _a(BD-RjUL) 55770 | ||
| 040 |
_aDLC _cDLC _dBD-RjUL _beng |
||
| 041 | _aeng | ||
| 082 | 0 | 0 |
_a954.12 _223 _bRAP 1981 |
| 100 | 1 |
_aRahim, Enayetur. _9165765 |
|
| 245 | 1 | 0 |
_aProvincial autonomy in Bengal, 1937-1943 / _cEnayetur Rahim. |
| 260 |
_aBangladesh : _bInstitute of Bangladesh Studies, Rajshahi University , _cc1981. |
||
| 300 |
_axvi, 304 p. ; _c22 cm. |
||
| 500 | _aIncludes index and bibliography | ||
| 651 | 0 |
_aBengal (India) _xPolitics and government. _9119128 |
|
| 942 |
_2ddc _cBK |
||
| 999 |
_c55646 _d55646 |
||